आहार विज्ञान (Record no. 1451)

MARC details
000 -LEADER
fixed length control field 00987 a2200217 4500
005 - DATE AND TIME OF LATEST TRANSACTION
control field 20080909113555.0
008 - FIXED-LENGTH DATA ELEMENTS--GENERAL INFORMATION
fixed length control field 080909t xxu||||| |||| 00| 0 hin d
010 ## - LIBRARY OF CONGRESS CONTROL NUMBER
LC control number HIN-79260
020 ## - INTERNATIONAL STANDARD BOOK NUMBER
International Standard Book Number 8185789894
Terms of availability 250.00
035 ## - SYSTEM CONTROL NUMBER
System control number HN-51606
037 ## - SOURCE OF ACQUISITION
Source of stock number/acquisition D.B.Act / pub
082 ## - DEWEY DECIMAL CLASSIFICATION NUMBER
Classification number 641.1
100 ## - MAIN ENTRY--PERSONAL NAME
Personal name नारायणन्, सुधा
245 ## - TITLE STATEMENT
Title आहार विज्ञान
Statement of responsibility, etc सुधा नारायणन्
246 ## - VARYING FORM OF TITLE
Title proper/short title Ahar vigyan
Remainder of title by Sudha Narayan
260 ## - PUBLICATION, DISTRIBUTION, ETC. (IMPRINT)
Place of publication, distribution, etc जयपुर
Name of publisher, distributor, etc रिसर्च पब्लिकेशन्स
Date of publication, distribution, etc 2006
270 ## - ADDRESS
Address 83,त्रिपोलिया बाजार
City जयपुर
300 ## - PHYSICAL DESCRIPTION
Extent 152पृ
Dimensions 22सेमी (सजिल्द)
942 ## - ADDED ENTRY ELEMENTS (KOHA)
Institution code [OBSOLETE] dpl
Koha item type Hindi Books
Call number prefix 641.1 / नाराय
Source of classification or shelving scheme Dewey Decimal Classification
Classification part 641.1
Call number suffix नाराय
Holdings
Withdrawn status Lost status Damaged status Not for loan Collection code Home library Current library Date acquired Cost, normal purchase price Total Checkouts Full call number Barcode Date last seen Copy number Uniform Resource Identifier Cost, replacement price Price effective from Koha item type
      Not For Loan Non-fiction D.B.Act.Division D.B.Act.Division 09/09/2008 250.00   641.1 नाराय HN-51606 15/09/2008 1 1524 250.00 15/09/2008 Hindi Books

© Delhi Public Library
Hit Counter
free hit counter